Пожарная безопасность: научно-технический журнал
| Körperschaft: | |
|---|---|
| Zusammenfassung: | Печатная подписка на журнал 2021 г. (1 полугодие)
С 2022 г. журнал выписан в электронном виде. Доступ с платформы eLibrary.ru В журнале публикуются научные статьи и информационные материалы научных исследований и испытаний в области пожарной безопасности по специальности 05.26.03 «Пожарная и промышленная безопасность» (технические науки) по отраслям промышленности: химическая и нефтехимическая, лесная, деревообрабатывающая и целлюлозно-бумажная, легкая, транспортная, строительная, стройматериалы, электроэнергетика, сельское хозяйство, жилищно-коммунальное хозяйство, складские предприятия, базы, хранилища, культурно-зрелищные учреждения, машиностроение и металлообработка, цветная металлургия, топливная, горная. На страницах журнала также печатаются методические и правовые документы; приказы и распоряжения МЧС России; обзоры, комментарии, справочные и др. материалы. |
| Sprache: | Russisch |
| Veröffentlicht: |
Балашиха, ФГБУ ВНИИПО МЧС России, 1998-
|
| Schlagworte: | |
| Online-Zugang: | Журнал на платформе eLIBRARY по подписке ТПУ Официальный сайт журнала |
| Format: | MixedMaterials Elektronisch Schriftenreihe |
| KOHA link: | https://koha.lib.tpu.ru/cgi-bin/koha/opac-detail.pl?biblionumber=586269 |
MARC
| LEADER | 00000nas1a2200000 4500 | ||
|---|---|---|---|
| 001 | 586269 | ||
| 005 | 20231212091350.0 | ||
| 011 | |a 2411-3778 |f 2782-3199 | ||
| 090 | |a 586269 | ||
| 100 | |a 20231211a19989999k||y0rusy50 ca | ||
| 101 | 0 | |a rus | |
| 102 | |a RU | ||
| 110 | |a ahaz|||0yy0 | ||
| 200 | 1 | |a Пожарная безопасность |e научно-технический журнал |f Всероссийский ордена «Знак Почета» научно-исследовательский институт противопожарной обороны | |
| 210 | |a Балашиха |c ФГБУ ВНИИПО МЧС России |d 1998- | ||
| 300 | |a Печатная подписка на журнал 2021 г. (1 полугодие) С 2022 г. журнал выписан в электронном виде. Доступ с платформы eLibrary.ru | ||
| 305 | |a Издается с 1998 г. | ||
| 326 | |a Периодичность - 4 раза в год | ||
| 330 | |a В журнале публикуются научные статьи и информационные материалы научных исследований и испытаний в области пожарной безопасности по специальности 05.26.03 «Пожарная и промышленная безопасность» (технические науки) по отраслям промышленности: химическая и нефтехимическая, лесная, деревообрабатывающая и целлюлозно-бумажная, легкая, транспортная, строительная, стройматериалы, электроэнергетика, сельское хозяйство, жилищно-коммунальное хозяйство, складские предприятия, базы, хранилища, культурно-зрелищные учреждения, машиностроение и металлообработка, цветная металлургия, топливная, горная. На страницах журнала также печатаются методические и правовые документы; приказы и распоряжения МЧС России; обзоры, комментарии, справочные и др. материалы. | ||
| 606 | 1 | |a Пожарная безопасность |9 87874 | |
| 675 | |a 614.841.3 |v 4 |z rus | ||
| 712 | 0 | 2 | |a Всероссийский ордена «Знак Почета» научно-исследовательский институт противопожарной обороны |c (Балашиха) |3 (RuTPU)RU\TPU\col\10626 |9 24888 |4 570 |
| 801 | 0 | |a RU |b 63413507 |c 20231211 |g PSBO | |
| 856 | 4 | |u https://www.elibrary.ru/title_about_new.asp?id=8983 |z Журнал на платформе eLIBRARY по подписке ТПУ | |
| 856 | 4 | |u http://firesafety-vniipo.ru/ |z Официальный сайт журнала | |
| 942 | |c CR | ||